Normal view
MARC view
- Ballance, Richard.
Entry Personal Name
001 - CONTROL NUMBER
- control field: 6135
003 - CONTROL NUMBER IDENTIFIER
- control field: NUST
005 - DATE AND TIME OF LATEST TRANSACTION
- control field: 20171108103957.0
008 - FIXED-LENGTH DATA ELEMENTS
- fixed length control field: 171108|| aca||aabn | a|a d
040 ## - CATALOGING SOURCE
- Original cataloging agency: NUST
- Transcribing agency: NUST
100 ## - HEADING--PERSONAL NAME
- Personal name: Ballance, Richard.
670 ## - SOURCE DATA FOUND
- Source citation: Work cat.: (NUST)0: Water quality monitoring :, 1996.
